| 000 | 00685nmc a2200277 a 4500 | ||
|---|---|---|---|
| 003 | AR-BaBNM | ||
| 005 | 20251128202720.0 | ||
| 008 | 056019s1947 ||||||||||||||000 | spa|| | ||
| 040 | _cAR-BaBNM | ||
| 100 | 1 | _aGuide, André | |
| 245 | 1 | 0 | _aLa sinfonía pastoral |
| 260 |
_aBuenos Aires _bPoseidón _c1947 |
||
| 300 | _a152 p. | ||
| 490 | 0 | _aLa carabela en el río | |
| 650 | 4 | _aLITERATURA FRANCESA | |
| 650 | 4 | _aRELIGION | |
| 650 | 4 | _aESCRITORES | |
| 650 | 4 | _aMISTICISMO | |
| 650 | 4 | _aFILOSOFIA LITERARIA | |
| 653 | _aNOVELA PSICOLOGICA | ||
| 653 | _aNARRATIVA | ||
| 655 | _aLITERATURA | ||
| 700 | 1 |
_aSerrano Plaja, Arturo _etraductor |
|
| 942 | _cBK | ||
| 998 | _cMARTIN | ||
| 999 |
_c220 _d220 |
||